01209nam a22003257a 4500001001000000003000900010005001700019007000300036008003400039040005400073041001000127072003800137090001900175110008900194110012100283245011700404260003600521300001100557500002800568650001800596650001000614650001100624650001000635650001300645650001300658909003600671942000700707999001700714952015200731BR7503719BR-BrBNA20230928084824.0ta230509b bl.||||| |||| 00| 0 por d aBR-BrBNAbporcBiblioteca Nacional de Agricultura a(Por) aE70; F00b0100b1300b0600b/G514  0100 BR75037191 aSecretaria da Agricultura do Maranhao, Sao Luis (Brasil). Servico de Economia Rural;1 aSuperintendencia do Desenvolvimento do Nordeste, Sao Luis, MA (Brasil). Depto. de Agricultura e Abastecimento9101961 aAspectos da comercializacao de produtos hortifruti-granjeiros e cereais na cidade de Sao Luis [Maranhao, Brasil]3 aSao Luis, MA (Brasil): c1975.  a371 p. aNumerical data; 11 ref. aABASTECIMENTO aFRUTA aCEREAL aPRECO aSAO LUIS aMARANHAO a202309bLuciac55dLucia Elande cBK c21287d21287 002AGRIS40708AGROBASEa41918b41918l0o 0100 BR7503719p0100 BR7503719r2023-09-25t01yBK10d2023-09-25ePortaria Interministerial nÂș 164/94